Farba vraždy ; (Record no. 20709)
[ view plain ]
| 000 -LEADER | |
|---|---|
| fixed length control field | 00991nam a22003012 4500 |
| 001 - CONTROL NUMBER | |
| control field | 20709 |
| 003 - CONTROL NUMBER IDENTIFIER | |
| control field | CZ PrNK |
| 005 - DATE AND TIME OF LATEST TRANSACTION | |
| control field | 20260130121139.0 |
| 008 - FIXED-LENGTH DATA ELEMENTS--GENERAL INFORMATION | |
| fixed length control field | 960426s1984 xo slo |
| 040 ## - CATALOGING SOURCE | |
| Original cataloging agency | ABA001 |
| Language of cataloging | cze |
| Transcribing agency | ABA001 |
| Modifying agency | ABA001 |
| 041 1# - LANGUAGE CODE | |
| Language code of text/sound track or separate title | slo |
| Language code of original | eng |
| 100 1# - MAIN ENTRY--PERSONAL NAME | |
| Personal name | Symons, Julian, |
| Dates associated with a name | 1912-1994 |
| Relationship | aut |
| 245 10 - TITLE STATEMENT | |
| Title | Farba vraždy ; |
| Remainder of title | Muž, ktorý zavraždil sám seba ; Hráči a hra / |
| Statement of responsibility, etc. | Julian Symons ; z angl. orig. prel. Viera Marušiaková ; il. Ľubomír Longauer |
| 250 ## - EDITION STATEMENT | |
| Edition statement | 1. vyd. |
| 260 ## - PUBLICATION, DISTRIBUTION, ETC. | |
| Place of publication, distribution, etc. | Bratislava : |
| Name of publisher, distributor, etc. | Slovenský spisovateľ, |
| Date of publication, distribution, etc. | 1984 |
| 300 ## - PHYSICAL DESCRIPTION | |
| Extent | 494 s. : |
| Other physical details | il. ; |
| Dimensions | 8° |
| 490 1# - SERIES STATEMENT | |
| Series statement | Zelená knižnica |
| 700 1# - ADDED ENTRY--PERSONAL NAME | |
| Personal name | Marušiaková, Viera, |
| Dates associated with a name | 1923-2016 |
| Relationship | trl |
| 700 1# - ADDED ENTRY--PERSONAL NAME | |
| Personal name | Longauer, Ľubomír, |
| Dates associated with a name | 1948- |
| Relationship | ill |
| 740 02 - ADDED ENTRY--UNCONTROLLED RELATED/ANALYTICAL TITLE | |
| Uncontrolled related/analytical title | Muž, ktorý zavraždil sám seba |
| 740 02 - ADDED ENTRY--UNCONTROLLED RELATED/ANALYTICAL TITLE | |
| Uncontrolled related/analytical title | Hráči a hra |
| 765 0# - ORIGINAL LANGUAGE ENTRY | |
| Title | Color of murder |
| 765 0# - ORIGINAL LANGUAGE ENTRY | |
| Title | Man who killed himself |
| 765 0# - ORIGINAL LANGUAGE ENTRY | |
| Title | Players and the game |
| 830 #0 - SERIES ADDED ENTRY--UNIFORM TITLE | |
| Uniform title | Zelená knižnica |
| 910 ## - USER-OPTION DATA (OCLC) | |
| User-option data | ABA001 |
| 942 ## - ADDED ENTRY ELEMENTS (KOHA) | |
| Source of classification or shelving scheme | Dewey Decimal Classification |
| Koha item type | Krásna literatúra pre dospelých |
| Suppress in OPAC | No |
| Stav vyradenia | Strata | Poškodenie | Spôsob nadobudnutia | Domovská knižnica | Aktuálna knižnica | Dátum nadobudnutia | Total checkouts | Čiarový kód exemplára | Date last seen | Typ exemplára |
|---|---|---|---|---|---|---|---|---|---|---|
| Dar | Obecná knižnica Horná Štubňa | Obecná knižnica Horná Štubňa | 30.01.2026 | 4736200843 | 30.01.2026 | Krásna literatúra pre dospelých |
